Anne Hathaway Movies by Picture - Statistics

General Stats
  • This quiz has been taken 62 times
  • The average score is 8 of 16
Answer Stats
Picture Answer % Correct
The Devil Wears Prada
98%
Interstellar
86%
The Intern
72%
Les Misérables
62%
The Princess Diaries
62%
The Dark Knight Rises
56%
Alice in Wonderland
50%
Ella Enchanted
48%
Bride Wars
46%
Brokeback Mountain
44%
Get Smart
42%
Love and Other Drugs
30%
Ocean's 8
30%
The Witches
30%
The Hustle
22%
The Idea of You
14%
No matching quizzes found
Score Distribution
Percent of People with Each Score
Percentile by Number Answered
Your Score History
You have not taken this quiz